zpět

Detail výsledku týmu

Infinity c&c bar, Zlín

Datum a čas kvízu

22.5 Celkem bodů Celkový počet nahraných bodů na tomto kvízu bez doplňovacích otázek.
7. Pořadí na kvízu Konečné umístění týmu na tomto kvízu.

Zaznamenané odpovědi

# Otázka Odpověď Body Výsledky
1. Minulý pátek v 18 hodin se po... 0
2. Americká Federální komise pro... 0
3. Při udílení prestižních americ... 1
4. Společnost Coca-Cola je první... 0
5. Dopoledne 1:1 v Pardubicích, o... 0
5. Určitě si vybavíte, jak vypadá... 1
5. Díváme se na legendární užitko... 0
5. O Ferdinandovi Porsche, zaklad... 0
5. Kim Čong-Il, Adolf Hitler, Idi... 1
5. Jak se jmenovala značka, která... 0